000 00391nam a2200157Ia 4500
003 Ost
005 20260225132558.0
008 260225s9999||||xx |||||||||||||| ||und||
040 _cfsic
041 _afre
082 _a302.23
100 _aHenryh shulte et marcel duferesne
_eAuteur
245 0 _aPatique du journalisme /
245 0 _cHenryh shulte et marcel duferesne
942 _cكتاب
999 _c34567
_d34567